000 00326 a2200133 4500
001 152464
040 _cEscola São Tomás de Aquino
100 _aMORAES, Vinícius de
240 1 0 _aPoemas, sonetos e baladas
_lpor
245 1 0 _aPoemas, sonetos e baladas
440 1 _aCompanhia das Letras
697 _aPoesia
942 _cBK
999 _c152464
_d152464